Star Wars Planets in Solo - Statistics

General Stats
  • This quiz has been taken 17 times
  • The average score is 4 of 6
Answer Stats
Hint Answer % Correct
Mining planet where Han freed slaves and stole coaxium Kessel
100%
Home to Han and Qi'ra Corellia
83%
Planet where Han fought for the Empire Mimban
50%
Coaxium raffinery used by Han's Crew Savareen
50%
Planet where Beckett's Crew attempted stealing coaxium supply Vandor
50%
Where Han won Millenium Falcon from Lando Numidian Prime
33%
No matching quizzes found
Score Distribution
Percent of People with Each Score
Percentile by Number Answered
Your Score History
You have not taken this quiz